| 000 | 01558nam2a2200205 4500 | ||
|---|---|---|---|
| 001 | RU\NLR\PER_A\002678723_000020 | ||
| 005 | 20250624064058.0 | ||
| 035 | _a(NLR Aleph) 012551682 | ||
| 090 |
_a12431921 _c12431921 |
||
| 100 | _a20210623d2020 |||y0rusy50 ca | ||
| 101 | 0 | _arus | |
| 102 | _aRU | ||
| 200 | 0 | _aТ. 22 | |
| 210 |
_d2020 _aБ. м. |
||
| 461 | 0 |
_1001RU\NLR\Per\495047 _12001#$aАктуальные вопросы физической культуры и спорта$eтруды Научно-исследовательского института проблем физической культуры и спорта КГУФКСТ$fКубан. гос. ун-т физ. культуры, спорта и туризма, НИИ пробл. физ. культуры и спорта$vТ. 22 _94116835 _cКраснодар _d2005 - _fКубан. гос. ун-т физ. культуры, спорта и туризма, НИИ пробл. физ. культуры и спорта _nРедакционно-издательский отдел Кубанского государственного университета физической культуры, спорта и туризма _oтруды Научно-исследовательского института проблем физической культуры и спорта КГУФКСТ _tАктуальные вопросы физической культуры и спорта _x2949-3005 _vТ. 22 |
|
| 852 |
_aNLR _jП41/354 |
||
| 942 | _cISSUE | ||
| 980 | _aNB | ||
| 980 | _aRUSPER | ||